<?xml version='1.0' encoding='UTF-8'?>
  <record xmlns="http://www.loc.gov/MARC21/slim">
    <leader>00000ctm a2200000Ma 4500</leader>
    <controlfield tag="001">ocn965428999</controlfield>
    <controlfield tag="003">OCoLC</controlfield>
    <controlfield tag="005">20240127100239.6</controlfield>
    <controlfield tag="008">150317q14501510it            000 0 lat d</controlfield>
    <datafield tag="040" ind1=" " ind2=" ">
      <subfield code="a">QGJ</subfield>
      <subfield code="b">dut</subfield>
      <subfield code="c">QGJ</subfield>
      <subfield code="d">OCLCL</subfield>
    </datafield>
    <datafield tag="035" ind1=" " ind2=" ">
      <subfield code="a">(OCoLC)965428999</subfield>
    </datafield>
    <datafield tag="245" ind1="0" ind2="0">
      <subfield code="a">Quaestiones de physico auditu sive philosophia naturali.</subfield>
      <subfield code="f">UBU Hs. 724 (Hs 3 H 15).</subfield>
    </datafield>
    <datafield tag="260" ind1=" " ind2=" ">
      <subfield code="a">[Bononiae?],</subfield>
      <subfield code="c">[1450-1510]</subfield>
    </datafield>
    <datafield tag="300" ind1=" " ind2=" ">
      <subfield code="a">152 fols. ;</subfield>
      <subfield code="c">235-265 x 145-160 mm.</subfield>
    </datafield>
    <datafield tag="336" ind1=" " ind2=" ">
      <subfield code="a">text</subfield>
      <subfield code="b">txt</subfield>
      <subfield code="2">rdacontent</subfield>
    </datafield>
    <datafield tag="337" ind1=" " ind2=" ">
      <subfield code="a">unmediated</subfield>
      <subfield code="b">n</subfield>
      <subfield code="2">rdamedia</subfield>
    </datafield>
    <datafield tag="338" ind1=" " ind2=" ">
      <subfield code="a">volume</subfield>
      <subfield code="b">nc</subfield>
      <subfield code="2">rdacarrier</subfield>
    </datafield>
    <datafield tag="340" ind1=" " ind2=" ">
      <subfield code="a">paper</subfield>
      <subfield code="k">1 and 2 columns, 52-71 lines, littera hybrida and littera cursiva.</subfield>
    </datafield>
    <datafield tag="500" ind1=" " ind2=" ">
      <subfield code="a">Preliminary title.</subfield>
    </datafield>
    <datafield tag="500" ind1=" " ind2=" ">
      <subfield code="a">According to colophons on fol. 56r, 63v, 79v, 103r and 150r copied in Bologna (Bononia). According to Database BNM the colophons mention 1456-1457, according to Tiele &amp; Hulshof, the colophon on fol. 63v mentions 1506. Several copyists are also mentioned: Jacobus of Sneek (fol. 63r, 79v and 103r), Jacobus Hoyen (fol. 150r) and Jacobus Piek (according to Tiele &amp; Hulshof fol. 63r). It's not clear whether this is the same Jacobus.</subfield>
    </datafield>
    <datafield tag="500" ind1=" " ind2=" ">
      <subfield code="a">Contains also: Nova theoria planetarum / Johannes Lauratius de Fundis; Tractatus de sphaera / Johannes Lauratius de Fundis. Canones et tabulae / Alphonsus X Rex Castellae.</subfield>
    </datafield>
    <datafield tag="524" ind1=" " ind2=" ">
      <subfield code="a">Cite as: Universiteitsbibliotheek Utrecht Hs. 724 (Hs 3 H 15).</subfield>
    </datafield>
    <datafield tag="581" ind1=" " ind2=" ">
      <subfield code="a">P.A. Tiele, Catalogus codicum manu scriptorum Bibliothecae Universitatis Rheno-Trajectinae. I. Trajecti ad Rhenum / Hagae Comitis 1887. P. 190.</subfield>
    </datafield>
    <datafield tag="581" ind1=" " ind2=" ">
      <subfield code="a">G.I. Lieftinck, Manuscrits datés conservés dans les Pays-Bas. I. Les manuscrits d'origine étrangere (816 - c. 1550). Amsterdam 1964. P. 123 nr. 284, pl. 382-383.</subfield>
    </datafield>
    <datafield tag="581" ind1=" " ind2=" ">
      <subfield code="a">J.F.H. de Loos, Duitse en Nederlandse muzieknotaties in de 12e en 13e eeuw. Dissertatie Universiteit Utrecht. [Utrecht] 1996. P. 86.</subfield>
    </datafield>
    <datafield tag="581" ind1=" " ind2=" ">
      <subfield code="a">J. Gumbert, 'Handschriften in de bibliotheek van het Paulusklooster', in: De nalatenschap van de Paulusabdij in Utrecht. Red. H. van Engen en K. van Vliet. Hilversum 2012, p. [91]-102 (= Middeleeuwse studies en bronnen 130). P. 93.</subfield>
    </datafield>
    <datafield tag="581" ind1=" " ind2=" ">
      <subfield code="a">B. Jaski, 'Een codicologische queeste naar de oudste handschriften en handschriftfragmenten uit de bibliotheek van de Paulusabdij', in: De nalatenschap van de Paulusabdij in Utrecht. Red. H. van Engen &amp; K. van Vliet. Hilversum 2012, p. 103-169 (= Middeleeuwse studies en bronnen 130). P. 107, 123, 153, 164.</subfield>
    </datafield>
    <datafield tag="581" ind1=" " ind2=" ">
      <subfield code="a">P.O. Kristeller, Iter Italicum. Accedunt alia itinera. A finding list of uncatalogued or incompletely catalogued humanistic manuscripts of the Renaissance in Italian and other libraries IV (alia itinera II): Great Britain to Spain. London etc. 1989. p. 382.</subfield>
    </datafield>
    <datafield tag="581" ind1=" " ind2=" ">
      <subfield code="a">Chr. van Wijnbergen &amp; H. Zapp, Verzeichnis kanonistischer Handschriften in den Niederlanden). Würzburg 1988. (= Forschungen zur Kirchenrechtswissenschaft 3). P. 282 (fol. 69-80, 81-152).</subfield>
    </datafield>
    <datafield tag="530" ind1=" " ind2=" ">
      <subfield code="a">Also available in online version.</subfield>
    </datafield>
    <datafield tag="655" ind1=" " ind2="7">
      <subfield code="a">Handschriften (vorm)</subfield>
      <subfield code="0">088143309</subfield>
      <subfield code="2">gtt</subfield>
    </datafield>
    <datafield tag="700" ind1="0" ind2=" ">
      <subfield code="a">Johannes Lauratius,</subfield>
      <subfield code="c">de Fundis.</subfield>
      <subfield code="4">aut</subfield>
    </datafield>
    <datafield tag="700" ind1="0" ind2=" ">
      <subfield code="a">Alfonso</subfield>
      <subfield code="b">X el Sabio,</subfield>
      <subfield code="c">koning van Castili©± en Le©đn,</subfield>
      <subfield code="d">1221-1284.</subfield>
      <subfield code="4">aut</subfield>
    </datafield>
    <datafield tag="700" ind1="0" ind2=" ">
      <subfield code="a">Jacobus van Sneek,</subfield>
      <subfield code="e">scribe.</subfield>
      <subfield code="4">scr</subfield>
    </datafield>
    <datafield tag="700" ind1="1" ind2=" ">
      <subfield code="a">Hoyen, Jacobus,</subfield>
      <subfield code="e">scribe.</subfield>
      <subfield code="4">scr</subfield>
    </datafield>
    <datafield tag="700" ind1="1" ind2=" ">
      <subfield code="a">Piek, Jacobus,</subfield>
      <subfield code="e">scribe.</subfield>
      <subfield code="4">scr</subfield>
    </datafield>
    <datafield tag="710" ind1="2" ind2=" ">
      <subfield code="a">Benedictijner-Abdij van S. Paulus (Utrecht)</subfield>
      <subfield code="e">former owner.</subfield>
      <subfield code="4">fmo</subfield>
      <subfield code="5">NL-UtRU</subfield>
    </datafield>
    <datafield tag="758" ind1=" " ind2=" ">
      <subfield code="a">UBU Hs. 724 (Hs 3 H 15) Quaestiones de physico auditu sive philosophia naturali (Text)</subfield>
      <subfield code="1">https://id.oclc.org/worldcat/entity/E39PCXrY9qQ74mqhQhBHJhdDqP</subfield>
      <subfield code="4">https://id.oclc.org/worldcat/ontology/hasWork</subfield>
    </datafield>
    <datafield tag="776" ind1="0" ind2="8">
      <subfield code="i">Online version:</subfield>
      <subfield code="t">Quaestiones de physico auditu sive philosophia naturali.</subfield>
      <subfield code="d">[Bononiae?], [1450-1510]</subfield>
    </datafield>
    <datafield tag="856" ind1="4" ind2="2">
      <subfield code="u">http://objects.library.uu.nl/reader/resolver.php?obj=002654954&amp;type=2</subfield>
      <subfield code="x">Online</subfield>
      <subfield code="z">Full Text</subfield>
    </datafield>
  </record>